000 01756cam a22004454i 4500
003 PE-LiUPU
005 20250731184559.0
008 150616s r 000 0 d
035 _a(Sirsi) a5110
040 _aPE-LiUPU
_bspa
_cPE-LiUPU
_erda
049 _aPRUA
082 0 4 _a917.9
_bD263a
_223
100 1 _aDavis, Mary Lee,
_eautor.
245 1 0 _aAlaska; the great bear's cub /
_cMary Lee Davis.
264 1 _aBoston, Massachusetts :
_bW. A. Wilde Company,
_c1930.
300 _a314 páginas :
_bilustraciones ;
_c20 centímetros.
336 _atext
_2rdacontent
337 _aunmediated
_2rdamedia
338 _avolume
_2rdacarrier
505 0 _aThe untamed of Diomedes -- 54° 40' and metlakatla -- Indian sign post on the northern trail -- The red man's burden -- Gold! -- The river that rises in mystery -- Potlatch and wampum -- Black sun and white night -- "Mush, you huskies, mush!" -- Dog derby and ice pool -- High pass and low divide -- Around the moons with muk-pi -- Sea bear and other Arctic boarders -- Meat in seward's ice box -- The frost king's palace -- Forest and river traps -- Baranof builds his castle.
526 _aP136
526 _aP135
526 _aP134
526 _aP133
526 _aP144
526 _aP143
526 _aP87
526 _aP35
526 _aP20
526 _aP14
526 _aP10
526 _aP06
650 1 4 _aZoología
_zAlaska.
651 4 _aAlaska
_xDescripciones y viajes.
910 _ajck
942 _2ddc
_cBK
_n0
949 _a917.9 D263a
_wDEWEY
_c1
_i10890
_lCCODEBUL1
_mBUL
_p00.00
_r0
_sY
_tBOOK
_u2015-04-23
_xEDUCACION
_0COMPRA
_o.STAFF. Colección General
980 _81
_gALBERTO SANCHEZ Responsable de Automatización
999 _c53598
_d53598